|
|
|
|
| LEADER |
00000nam0a2200000 4500 |
| 001 |
297455 |
| 005 |
20231102001017.0 |
| 035 |
|
|
|a (RuTPU)RU\TPU\book\322588
|
| 035 |
|
|
|a RU\TPU\book\226393
|
| 090 |
|
|
|a 297455
|
| 100 |
|
|
|a 20150608d1984 k y0rusy5003 ca
|
| 101 |
0 |
|
|a rus
|
| 102 |
|
|
|a RU
|
| 105 |
|
|
|a y z 001zy
|
| 200 |
1 |
|
|a История философии и современность
|e межвузовский сборник
|f под ред. М. Я. Корнеева
|
| 210 |
|
|
|a Ленинград
|c Изд-во ЛГУ
|d 1984
|
| 215 |
|
|
|a 135 с.
|
| 225 |
1 |
|
|a Ученые записки кафедр общественных наук вузов Ленинграда
|
| 225 |
1 |
|
|a Философские и социологические исследования
|v Вып. 22
|
| 320 |
|
|
|a Библиография в примечаниях
|
| 606 |
1 |
|
|a Философия
|2 stltpush
|3 (RuTPU)RU\TPU\subj\63880
|9 80812
|
| 610 |
1 |
|
|a философские принципы
|
| 610 |
1 |
|
|a философские категории
|
| 610 |
1 |
|
|a противоречия
|
| 610 |
1 |
|
|a социальная философия
|
| 610 |
1 |
|
|a массовое сознание
|
| 686 |
|
|
|a Ю0/3
|v LBC/SL-A
|2 rubbk
|
| 702 |
|
1 |
|a Корнеев
|b М. Я.
|g Михаил Яковлевич
|4 340
|
| 801 |
|
0 |
|a RU
|b 63413507
|c 19950417
|g psbo
|
| 801 |
|
1 |
|a RU
|b 63413507
|c 20120125
|
| 801 |
|
2 |
|a RU
|b 63413507
|c 20170726
|g RCR
|
| 942 |
|
|
|c BK
|